| 000 | 00375nam a2200145Ia 4500 | ||
|---|---|---|---|
| 008 | 151213s9999 xx 000 0 und d | ||
| 100 | _aJohn Bourhis | ||
| 245 |
_aStyle Manual for Communication Studies _cJohn Bourhis |
||
| 260 |
_aBoston _bMc Graw Hill _c2002 |
||
| 300 | _a2045 p. | ||
| 650 | _aManagement | ||
| 650 | _aManagement | ||
| 700 | _aJohn Bourhis | ||
| 999 |
_c1500 _d1500 |
||